000 00948cam a2200277 4500
008 090401t1996 xxu||||| |||| 00| 0 eng d
020 _a1850448531
035 _a(Sirsi) u35462
041 _aeng
050 _a347.4109
100 _aCato, D. Mark
245 4 _aThe Sanctuary House Case: an arbitration workbook. Volume 1.
260 _aLondon
_bLLP Limited
_c1996
300 _aliv,728p. ; 25cm.
350 _a125
520 _aAn account of an arbitration from appointment to award concerning the conversion of a listed building into a nursing home. FOR VOL. 2 SEE STANDARD NO. J3673.
650 _aARBITRATION WORKBOOK
650 _aBLISS FAMILY
650 _aHOCKING FAMILY
650 _aLISTED BUILDINGS
650 _aNURSING HOMES
650 _aSANCTUARY HOUSE CASE
690 _aMANAGEMENT-DISPUTE AVOIDANCE, MANAGEMENT AND RESOLUTION-DISPUTE MANAGEMENT AND RESOLUTION-ARBITRATION
942 _n0
948 _c04/03/1997
999 _c90117
_d90117